000 00710nam a2200289Ia 4500
005 20260324114530.0
008 008 260324s9999 xx 000 0 eng d
020 _a9781003180296
037 _aEBOOK
040 _aCRL
040 _beng
040 _cCRL
041 _2eng
041 _aeng
084 _qCRL
100 _aSuzette Woodward
_91151145
245 0 _aPatient Safety Now
245 0 _bApplying Concepts, Theories, and Ideas for Creating a Safe Environment
260 _bTaylor and Francis
260 _c2022
365 _a
365 _b195
856 _uhttp://www.taylorfrancis.com/books/9781003180296
942 _cEBOOK
999 _c1741391
_d1741391